France - Joueurs emblématiques - Statistiques

Statistiques générales
  • Ce quiz a été pris 290 fois
  • Le résultat moyen est 25 sur 30
Statistiques - réponses
Indices Joueur % Correct
Rare personnalité à avoir gagné la Coupe du Monde en tant que joueur et entraîneur, capitaine de l'Equipe de France lors de la victoire de la Coupe du Monde en 1998 Didier Deschamps
99%
Meneur de jeu émblématique de l'Equipe de France de 1976 à 1987, ballon d'or 1983, 1984, 1985, vainqueur de la C1 1985 avec la Juventus Michel Platini
99%
Joueur comptant 200 matchs pour la Juventus et le Real Madrid, ballon d'or 1998, actuel entraîneur du Real Madrid Zinédine Zidane
99%
Gardien le plus capé de la sélection, plus de 300 matchs pour Tottenham, capitaine lors de la victoire de la Coupe du Monde 2018 Hugo Lloris
97%
Défenseur ayant marqué plus de 80 buts pour Montpellier, surnomné "Le Président", sélectionneur de l'équipe nationale de 2010 à 2012 Laurent Blanc
97%
Meilleur buteur de la sélection, vainqueur du championnat de France avec Monaco, d'Angleterre avec Arsenal et d'Espagne avec le FC Barcelone Thierry Henry
97%
Joueur le plus capé de la sélection, 2 buts en Equipe de France inscrits lors de la demi-finale de la Coupe du Monde 1998, Père de Marcus attaquant au Borussia Mönchengladbach Lilian Thuram
95%
Meilleur buteur non-italien de la Juventus, Joueur auteur du but en or lors de la finale de l'Euro 2000 face à l'Italie David Trezeguet
94%
Meilleur buteur français du Bayern Munich, vainqueur de 9 championnats d'Allemagne, 3ème du ballon d'or 2013 Franck Ribéry
94%
Joueur transféré à Manchester United pour 125 millions d'euros, meilleur jeune de la Coupe du Monde 2014, buteur en finale de la Coupe du Monde 2018 Paul Pogba
94%
Gardien réputé pour son caractère et sa gestion de la pression lors des matchs importants, champion du monde 1998 Fabien Barthez
93%
Défenseur comptant 300 matchs au Real Madrid à seulement 27 ans, vainqueur du doublé Ligue des Champions-Coupe du Monde en 2018 Raphaël Varane
93%
Joueur célèbre pour sa personnalité à l'origine de plusieurs polémiques, 4 fois champion d'Angleterre avec Manchester United, 3ème du ballon d'or 1993 Eric Cantona
91%
Milieu défensif comptant 400 matchs pour Arsenal, actuel entraîneur de l'OGC Nice Patrick Vieira
91%
Meilleur buteur du stade de Reims, recordman de buts sur une édition de Coupe du Monde avec 13 réalisations Just Fontaine
90%
Défenseur gauche comptant près de 400 matchs pour Manchester United, capitaine de l'Equipe de France lors du scandale de la grêve des joueurs en 2010 Patrice Evra
90%
Attaquant célèbre pour ses reprises de volées et retournés acrobatiques, 4 fois champion de France avec l'OM, 30 buts en sélection Jean-Pierre Papin
88%
Premier ballon d'or français en 1958, première star française du Real Madrid, légende du stade de Reims avec plus de 450 matchs Raymond Kopa
84%
3ème joueur le plus capé de la sélection, vainqueur des ligues des Champions 1993 et 1994 avec l'OM et l'AC Milan Marcel Desailly
82%
Attaquant surnomné "Snake" du fait de son bagage technique important, champion du Monde 1998 Youri Djorkaeff
81%
Milieu défensif ayant révolutionné son poste au début des années 2000, 13ème du ballon d'or 2005, vainqueur de la C1 2002 avec le Real Madrid Claude Makelele
80%
Milieu offensif très complet caractérisé par la précision de ses passes et de ses dribbles, champion d'Angleterre 2002 et 2004 avec Arsenal, champion du Monde 1998 Robert Pirès
78%
Attaquant comptant 26 buts et 18 passes décisives en sélection, buteur dans les arrêts de jeu de la finale de l'Euro 2000 permettant à l'Equipe de France d'aller au but en or Sylvain Wiltord
73%
Défenseur cité comme parmi les meilleurs de sa génération par Pelé, élu joueur français de l'année en 1972, champion de France 1984 avec Bordeaux Marius Trésor
66%
Joueur le plus capé et meilleur buteur de Bordeaux, vainqueur de l'Euro 1984, reconverti en entraîneur ayant coaché 4 sélections africaines Alain Giresse
65%
Avant-centre surnomné "l'ange vert", 100 buts pour le PSG, buteur lors de 3 Coupes du Monde différentes en 1978, 1982 et 1986 Dominique Rocheteau
63%
Défenseur droit célèbre pour son choc avec Harald Schumacher non sanctionné par l'arbitre lors de la Coupe du Monde 1982, action considérée encore aujourd'hui comme l'une des plus grandes injustices du football Patrick Battiston
62%
Milieu de terrain comptant plus de 300 matchs pour Bordeaux, 2ème du ballon d'or 1984, vainqueur de l'Euro 1984 Jean Tigana
58%
Milieu défensif connu pour ses qualités physiques impressionnantes, entraîneur lors de la Coupe d'Europe des vainqueurs de coupe de 1996 remportée par le PSG Luis Fernandez
56%
Gardien de but passé par Sochaux, Auxerre et le PSG, vainqueur de l'Euro 1984, actuel entraîneur adjoint de l'Impact Montréal aux côtés de Thierry Henry Joël Bats
52%
Aucun quiz correspondant
Distribution des résultats
% des personnes avec chaque résultat
Percentile par nombre de réponses
Votre historique - résultats
Vous n’avez pas pris ce quiz